| 000 | 00704nam a2200217 u 4500 | ||
|---|---|---|---|
| 005 | 20241026063726.0 | ||
| 008 | 190130s2016 r 000 0 eng d | ||
| 020 | _a9788428337540 | ||
| 035 | _aUPN01000228720 | ||
| 049 | _aCG | ||
| 050 | 4 |
_aQA135.5 _bD5.5 |
|
| 245 | 0 | 0 |
_aDidáctica de las matemáticas para maestros de educación primaria / _ccoord. José Carrillo Yáñez. |
| 260 |
_aMadrid : _bParaninfo, _c2016. |
||
| 300 |
_a357 p. : _bil., tablas |
||
| 440 | 0 | _aDidáctica y desarrollo | |
| 650 | 4 |
_aMatemáticas _xEstudio y enseñanza (Elemental) _92809 |
|
| 650 | 4 |
_aMatemáticas _xMetodología _924466 |
|
| 700 | 1 |
_aCarrillo Yáñez, José, _ecoord. |
|
| 905 | _aLibro | ||
| 999 |
_c200815 _d200815 |
||